000 00412nam a22001697a 4500
005 20260119125357.0
008 160428b xxu||||| |||| 00| 0 eng d
020 _a81-2032141-3
041 _aeng
082 _b005.1
100 _aCormen, Thomas H.
_9181
245 _aINTRODUCTION TO ALGORITHMS
260 _aNew Delhi
_bPHI Pvt Ltd.
_c2005
300 _a1180
650 _aInformation Technology
942 _cBK
999 _c187
_d187